On beyond Zebra (Record no. 20088)
[ view plain ]
| 000 -LEADER | |
|---|---|
| fixed length control field | 00725nam a2200205 c 4500 |
| 003 - CONTROL NUMBER IDENTIFIER | |
| control field | DE-604 |
| 005 - DATE AND TIME OF LATEST TRANSACTION | |
| control field | 20260408145500.0 |
| 007 - PHYSICAL DESCRIPTION FIXED FIELD--GENERAL INFORMATION | |
| fixed length control field | t| |
| 008 - FIXED-LENGTH DATA ELEMENTS--GENERAL INFORMATION | |
| fixed length control field | 130523s1983 xxua|||b |||| 00||1 eng d |
| 020 ## - INTERNATIONAL STANDARD BOOK NUMBER | |
| International Standard Book Number | 9780007932269 |
| 040 ## - CATALOGING SOURCE | |
| Original cataloging agency | DE-604 |
| Language of cataloging | ger |
| Description conventions | rakwb |
| Transcribing agency | GESM |
| 041 0# - LANGUAGE CODE | |
| Language code of text/sound track or separate title | eng |
| 100 0# - MAIN ENTRY--PERSONAL NAME | |
| Personal name | Seuss |
| Titles and words associated with a name | Dr. |
| Dates associated with a name | 1904-1991 |
| Relator term | Verfasser |
| Relationship | aut |
| 245 10 - TITLE STATEMENT | |
| Title | On beyond Zebra |
| 300 ## - PHYSICAL DESCRIPTION | |
| Extent | [36] Bl. |
| Other physical details | überw. Ill. (farb.) |
| Dimensions | 14,5/11/0,4 cm |
| Type of unit | Paperback |
| 520 ## - SUMMARY, ETC. | |
| Summary, etc. | Discover a menagerie of crazy creatures and wacky new words when you dare to venture past the last letter of the alphabet in On Beyond Zebra! |
| 650 07 - SUBJECT ADDED ENTRY--TOPICAL TERM | |
| Topical term or geographic name entry element | Englisch |
| Authority record control number or standard number | (DE-588)4014777-0 |
| Source of heading or term | gnd |
| 9 (RLIN) | rswk-swf |
| 650 07 - SUBJECT ADDED ENTRY--TOPICAL TERM | |
| Topical term or geographic name entry element | Alphabet |
| Authority record control number or standard number | (DE-588)4001336-4 |
| Source of heading or term | gnd |
| 9 (RLIN) | rswk-swf |
| 942 ## - ADDED ENTRY ELEMENTS (KOHA) | |
| Source of classification or shelving scheme | Dewey Decimal Classification |
| Koha item type | Books |
| Suppress in OPAC | No |
| 999 ## - | |
| -- | 20088 |
| -- | 20088 |
| Withdrawn status | Lost status | Not for loan | Collection | Home library | Current library | Shelving location | Inventory number | Total checkouts | Full call number | Barcode | Date last seen | Price effective from | Koha item type | Public note |
|---|---|---|---|---|---|---|---|---|---|---|---|---|---|---|
| English Fiction Grade School | LFM BCDi Library | GESM Library | Main Library | 14-35989 | EFG SEU | L0008845 | 08/04/2026 | 08/04/2026 | Books | Good Condition |